LEADER 01227nam a2200253 i 4500 001 000000161587 003 CaOOAMICUS 005 20080311000000.0 008 080311s1965 it u000 u ita u 013 $a138950 040 $aSeMil$bita 245 10$aTemi danteschi ad Orvieto /$cCon un saggio di Mario Apollonio "Immagini dantesche nelle arti" ed uno studio monografico di Pasquale Rotondi su "Gli affreschi della Cappella di S. Brizio e l'arte di Luca Signorelli". 260 $aMilano :$bArti Grafiche Ricordi,$ccopyr. 1965. 300 $a117 p., [32] c. di tav. :$bill. ;$c36 cm. 500 $aIn custodia. - Fondo Card. Giovanni Colombo. 650 4$aAlighieri, Dante <1265-1321> . Divina Commedia - Iconografia.$0(OLS)http://semarc/subject/17643 700 1 $aRotondi, Pasquale.$0(OLS)http://semarc/name/42688 700 1 $aApollonio, Mario <1901-1971>.$0(OLS)http://semarc/name/685 850 $aSeMil 852 $aSeMil$W1$xVenegono$y1$m5I IX 58$j112974$B112974$CSeMilBibl$Z2$F132375 $8I 941 1 $a3 961 $aLascito: Colombo Card. Giovanni 996 $6245$aTemi danteschi ad Orvieto$9(OLS)http://semarc/title/144766 996 $6260$aMilano :$bArti Grafiche Ricordi$9(OLS)http://semarc/publisher/34986 LEADER 00986nam a2200265 i 4500 001 000000168765 003 CaOOAMICUS 005 20250718093547.0 008 080125s2007 it u000 u mul u 013 $a146167 020 $a88-10-42048-9 040 $aSeMil$bita 245 10$a2: Leone-Zanzara. 264 1$aBologna :$bEDB,$c2007. 300 $a510 p. ;$c21 cm. 504 $aBibliografia, p. 429-432 773 0 $tAnimali simbolici.$dBologna : EDB, 2002-2007.$kBiblioteca patristica $g2$w()7997 830 0$aBiblioteca patristica ;$v44.$0(OLS)http://semarc/title/10 850 $aSeMil 852 $aSeMil$W1$xVenegono$y1$m2T III 314$j119782$B119782$CSeMilBibl$Z2$F130852 $81 961 $aSottoscrizione: EDB 996 $6020$a88-10-42048-9$9(OLS)http://semarc/number/91934 996 $6245$a2: Leone-Zanzara$9(OLS)http://semarc/title/241420 996 $6264$aBologna :$bEDB$9(OLS)http://semarc/publisher/29669